• 首页
  • 本馆介绍
  • 公告通知
  • 最新文献
  • 馆藏检索
  • 电子资源
  • 读者导购
  • 参考咨询
  • 我的图书馆
  • 登录
  • 详细信息显示
  • 放入我的书架
  • 预约/预借图书
  • 作者相关作品
  • 分类相关作品
  • 丛书相关作品
  • 出版社相关作品

书目信息

  • 表格格式
  • 工作单格式
  • 卡片格式
题名:
电子技术
    
 
作者: ;杨洋 译 ;晶体管技术编辑部 著
分册:  
出版信息: 北京   科学出版社  2005
页数: 12,269页
开本: 24cm
丛书名: 图解趣味电子制作
单 册:
中图分类: TN-49
科图分类:
主题词: 电子器件 , 电子器件--制作--基本知识
电子资源:
ISBN: 7-03-015106-2
000 01068nam0 2200289 450
000 01074nam0 2200289 450
000 01006nam0 2200265 450
000 00969nam0 2200253 45
005 20070525153303.37
010    @a7-03-015106-2@dCNY32.00
100    @a20070419d2005 em y0chiy0120 ea
101 1  @achi@cjpn
102    @aCN@b110000
105    @aa z 000yy
200 1  @a电子技术@ADian Zi Ji Shu@e原理·制作·实验@EYuan Li· Zhi Zuo· Shi Yan@f(日) 晶体管技术编辑部著@F( Ri ) Jing Ti Guan Ji Shu Bian Ji Bu Zhu@g杨洋等译
210    @a北京@c科学出版社@d2005
215    @a12,269页@c图,照片@d24cm
225 2  @a图解趣味电子制作
330    @a本书通过制作测谎器、猫头鹰灯、报时鸟、抢答器等23个生动有趣的实力,介绍了电子技术中各种常用元器件的功能和用途。
410  0 @12001 @a图解趣味电子制作
606 0  @a电子器件
606 0  @a电子器件@x制作@x基本知识
690    @aTN-49@v4
702  0 @a杨洋@AYang Yang@c(日语)@4译
711 02 @c(日)@a晶体管技术编辑部@AJing Ti Guan Ji Shu Bian Ji Bu@4著
801  0 @aCN@bTAOJIN@c20070525
905    @a10447@dTN-49@e100
    
    电子技术:原理·制作·实验/(日) 晶体管技术编辑部著/杨洋等译.-北京:科学出版社,2005
    12,269页:图,照片;24cm.-(图解趣味电子制作)
    
    
    ISBN 7-03-015106-2:CNY32.00
    本书通过制作测谎器、猫头鹰灯、报时鸟、抢答器等23个生动有趣的实力,介绍了电子技术中各种常用元器件的功能和用途。
●
相关链接 在E读中查询图书 在五车中查询图书 在当当中查询图书 在豆瓣中查询图书


正题名:电子技术     索取号:TN-49/100         预约/预借

序号 登录号 条形码 馆藏地/架位号 状态 备注
1 0522785   205227850   第二样本阅览室/ [索取号:TN-49/100] 在馆    
2 0522786   205227869   第三借阅区/ [索取号:TN-49/100] 在馆    
3 0522787   205227878   第三借阅区/ [索取号:TN-49/100] 在馆    
4 0522788   205227887   第三借阅区/ [索取号:TN-49/100] 在馆    
5 0522789   205227896   第三借阅区/ [索取号:TN-49/100] 在馆    
6 0522790   205227903   第三借阅区/ [索取号:TN-49/100] 在馆    
7 0522791   205227912   第三借阅区/ [索取号:TN-49/100] 在馆    
8 0522792   205227921   第三借阅区/ [索取号:TN-49/100] 在馆    
欢迎您!
大连网信软件有限公司© 版权所有